Quy định mới đối với cán bộ, công chức /

Bewaard in:
Bibliografische gegevens
Andere auteurs: Thanh Tùng (sưu tầm, biên soạn)
Formaat: Sách giấy
Taal:Vietnamese
Gepubliceerd in: H. : Lao động - Xã hội, 2006.
Onderwerpen:
Tags: Voeg label toe
Geen labels, Wees de eerste die dit record labelt!
Thư viện lưu trữ: Thư viện Trường Đại học Đà Lạt
LEADER 00791nam a2200301 4500
001 DLU070060108
005 ##20070626
040 # # |a DLU  |b vie 
041 # # |a vie 
044 # # |a vn 
082 # # |a 352.6  |b Quy 
245 # # |a Quy định mới đối với cán bộ, công chức /  |c Thanh Tùng sưu tầm, biên soạn 
260 # # |a H. :  |b Lao động - Xã hội,  |c 2006. 
300 # # |a 287 tr. ;  |c 21 cm. 
653 # # |a Công nhân viên. 
653 # # |a Chế độ chính sách. 
653 # # |a Hành chính công. 
700 # # |a Thanh Tùng,  |e sưu tầm, biên soạn 
923 # # |a 13/2007 
992 # # |a 37500 
994 # # |a DLU 
900 # # |a True 
911 # # |a Đào Thị Thu Huyền 
925 # # |a G 
926 # # |a A 
927 # # |a SH 
980 # # |a Thư viện Trường Đại học Đà Lạt